MARC

LEADER 00000nam0a2200000 4500
001 174666
005 20231031164902.0
035 |a (RuTPU)RU\TPU\book\189411 
090 |a 174666 
100 |a 20100202d1925 k y0rusy50 ca 
101 0 |a rus 
102 |a RU 
105 |a y z 100zy 
200 1 |a Всесоюзный съезд стекольно-фарфоровой промышленности, Москва, 3-7 февраля 1925 г.  |e тезисы докладов и резолюции съезда 
210 |a Москва  |c ВСНХ СССР  |d 1925  |a Ленинград 
215 |a 32 с. 
610 1 |a стекольное производство 
610 1 |a фарфоровое производство 
610 1 |a съезды 
610 1 |a доклады 
610 1 |a резолюции 
610 1 |a сырье 
610 1 |a краски 
610 1 |a состояние 
610 1 |a производство 
610 1 |a исследовательская деятельность 
610 1 |a стеклоделие 
610 1 |a глины 
610 1 |a рецептура 
675 |a 661.1  |v 3 
712 1 2 |a Стекольно-фарфоровая промышленность  |c съезд  |e Москва  |f 1925 
801 1 |a RU  |b 63413507  |c 20100202 
801 2 |a RU  |b 63413507  |c 20100216  |g RCR 
942 |c BK